000 01048na a2200325 4500
001 13866
003 MIRAKIL
005 20181213155305.0
008 160819b tu 000 0
020 _a9786053991403
035 _a13866
040 _aMilas
_btur
_cTR-AnCHP
041 _aeng
082 _a809.93372
_bS65v 2010
090 _a809.93372 S65v 2010
100 _aSomay, Bülent
245 _aThe viev from the masthead
_bjourney through dystopia towards an open-ended utopia
_cBülent Somay ; edited by Göksün Yazıcı
246 _aJourney through dystopia towards an open-ended utopia
260 _aİstanbul
_bİstanbul Bilgi Üniversitesi Yayınları
_c2010
300 _a219 s.
_c21 sm.
490 _aLanguage and literature
_v7
490 _aİstanbul Bilgi University press
_v292
504 _aKaynakça ve dizin var.
650 _aBilim kurgu
_y20. yüzyıl
650 _aDistopyalar, Edebiyatta
650 _aÜtopyalar, Edebiyatta
650 _aÜtopya
700 _aYazıcı, Göksun
942 _2ddc
_cBKS
999 _c10059
_d10059